| 000 | 00536nam a2200217Ia 4500 | ||
|---|---|---|---|
| 003 | 0100 | ||
| 008 | 130303s9999 xx 000 0 und d | ||
| 020 | _a0852558929 | ||
| 040 | _cARRUPELIB | ||
| 050 | _aHD992.Z63A44 2006 | ||
| 100 | _aAlexander, Jocelyn | ||
| 245 | 4 | _aThe unsettled land | |
| 245 | _bstate-making and the politics of land in Zimabbwe 1893-2003 | ||
| 260 | _aOxford | ||
| 260 | _bJames Currey | ||
| 260 | _C2006 | ||
| 300 | _a230p. | ||
| 300 | _b 24cm | ||
| 650 | _bTheology-Addresses | ||
| 942 |
_2lcc _02 |
||
| 999 |
_c62628 _d62628 |
||